| 000 | 01050nas a2200337 4500 | ||
|---|---|---|---|
| 001 | BR2016000705 | ||
| 003 | BR-BrBNA | ||
| 005 | 20231205130118.0 | ||
| 007 | ta | ||
| 008 | 230509b bl.|||p| |||| 00| 00por d | ||
| 040 |
_aBR-BrBNA _bpor _cBiblioteca Nacional de Agricultura |
||
| 041 | _a(Pt) | ||
| 072 | _aK01 | ||
| 100 | 1 | _aMonteiro, T.C. | |
| 100 | 1 | _aSilva, R.V. da | |
| 100 | 1 | _aLima, J.T. | |
| 100 | 1 | _aBaraúna, E.E.P. | |
| 100 | 1 | _aCarvalho, D.M. de | |
| 100 | 1 | _aLima, M.T. | |
| 245 | 1 | _aInfluência do lenho de tração nas propriedades físicas da madeira de Eucalyptus sp. | |
| 650 | _aEUCALIPTO | ||
| 650 | _aEUCALYPTUS SPP | ||
| 650 | _aMADEIRA | ||
| 650 | _aDENSIDADE DA MADEIRA | ||
| 650 | _aANALISE COMPARATIVA | ||
| 650 | _aQUALIDADE | ||
| 773 | 0 |
_tJournal of Biotechnology and Biodiversity (Brazil) _xISSN 2179-4804 _g(Nov 2010), v. 1(1) p. 6-11 _wBR2016000705 |
|
| 856 | 4 | 0 | _uhttp://revista.uft.edu.br/index.php/JBB/article/view/215/149 |
| 909 |
_a202311 _bLúcia _c55 _dLúcia Elande |
||
| 942 |
_2AGRIS _n0 _cANA |
||
| 999 |
_c247910 _d247910 |
||